AJ100 (Record no. 78852)

MARC details
000 -LEADER
fixed length control field 01054cab a22002535a 4500
001 - CONTROL NUMBER
control field L138400
008 - FIXED-LENGTH DATA ELEMENTS--GENERAL INFORMATION
fixed length control field 070604e20070524xxk f 000 0 eng d
035 ## - SYSTEM CONTROL NUMBER
System control number (Sirsi) u138400
041 0# - LANGUAGE CODE
Language code of text/sound track or separate title eng
100 1# - MAIN ENTRY--PERSONAL NAME
Personal name Allen, Isabel
245 00 - TITLE STATEMENT
Title AJ100
260 ## - PUBLICATION, DISTRIBUTION, ETC.
Date of publication, distribution, etc. 2007
490 #0 - SERIES STATEMENT
Series statement Architects' Journal
Volume/sequential designation 225(20) 24 May 2007, 27-100(47)
520 ## - SUMMARY, ETC.
Summary, etc. "Architects' Journal's" survey of the top 100 UK architectural practices ranked by the number of qualified architects, places BDP in top position, SMC Group in second place, and Foster and Partners in third. Includes details of each practice in the top 100, the largest regional practices, fee income, average salaries, work outside the UK, and AJ award winners.
651 #4 - SUBJECT ADDED ENTRY--GEOGRAPHIC NAME
Geographic name United Kingdom
Chronological subdivision
690 ## - LOCAL SUBJECT ADDED ENTRY--TOPICAL TERM (OCLC, RLIN)
Topical term or geographic name as entry element MANAGEMENT-BUSINESS MANAGEMENT-PROFESSIONAL PRACTICE
690 ## - LOCAL SUBJECT ADDED ENTRY--TOPICAL TERM (OCLC, RLIN)
Topical term or geographic name as entry element BUILT ENVIRONMENT-CONSTRUCTION DESIGN-ARCHITECTURAL DESIGN
700 1# - ADDED ENTRY--PERSONAL NAME
Personal name Pallister, James
700 1# - ADDED ENTRY--PERSONAL NAME
Personal name Slavid, Ruth
700 1# - ADDED ENTRY--PERSONAL NAME
Personal name Vaughan, Richard
700 1# - ADDED ENTRY--PERSONAL NAME
Personal name Waite, Richard
700 1# - ADDED ENTRY--PERSONAL NAME
Personal name Walker, Clive
942 ## - ADDED ENTRY ELEMENTS (KOHA)
Suppress in OPAC 0
Holdings
Withdrawn status Lost status Source of classification or shelving scheme Damaged status Not for loan Home library Current library Shelving location Date acquired Total Checkouts Full call number Barcode Date last seen Copy number Price effective from Koha item type
    Dewey Decimal Classification     London London Journal article 04/06/2007   L138400 138400-1001 06/08/2019 1 06/08/2019 Journal article